000 00521nam a2200181 a 4500
005 20220924063816.0
008 080516s1989 mx r 000 0 spa d
020 _a052127561X
035 _aUPN01000155922
049 _aCG
050 4 _aQH331
_bR6.7
100 1 _aRosenberg, Alexander
245 1 4 _aThe structure of biological science /
_cAlexander Rosenberg.
260 _aNew York:
_bCambridge University Press,
_c1989.
300 _a281 p. :
_bfiguras
650 7 _aBiologĂ­a
_xFilosofĂ­a
_2
_94535
905 _alibro
999 _c128036
_d128036